[Event "WY BU14 2012"]
[Site "Maribor SLO"]
[Date "2012.11.18"]
[Round "11.32"]
[White "Santos Ruiz,Miguel"]
[Black "Malhotra,Tarun"]
[Result "1/2-1/2"]
[WhiteElo "2082"]
[BlackElo "1946"]

1.e4 c5 2.Nf3 Nc6 3.Bb5 d6 4.Bxc6+ bxc6 5.O-O e5 6.c3 Nf6 7.Re1 Bg4 8.h3 Bxf3
9.Qxf3 Be7 10.d3 O-O 11.Na3 Qc7 12.Nc4 Rab8 13.Qg3 Kh8 14.f4 Nh5 15.Qg4 Nxf4
16.Bxf4 exf4 17.Qxf4 h6 18.Re2 Qd7 19.Rf1 Qe6 20.Ref2 Kg8 21.b3 Rbd8 22.d4 cxd4
23.cxd4 Bf6 24.e5 Bg5 25.Qf5 Qxf5 26.Rxf5 d5 27.Nb2 Bd2 28.Rd1 Be3+ 29.Kf1 c5
30.dxc5 Bxc5 31.Nd3 Bb6 32.Nb4 d4 33.Rf2 Rd7 34.Rc2 Re8 35.Nd3 Rd5 36.Re1 Re7
37.Rc6 Bc7 38.e6 Rf5+ 39.Kg1 Bg3 40.exf7+ Rfxf7 41.Rf1  1/2-1/2

[Event "VIII Governor's Cup B"]
[Site "Khanty-Mansiysk RUS"]
[Date "2012.11.20"]
[Round "5"]
[White "Mezhevov,Valentin"]
[Black "Pavlova,N"]
[Result "1/2-1/2"]
[WhiteElo "2016"]
[BlackElo "1770"]

1.e4 c5 2.Nf3 Nc6 3.Bb5 g6 4.O-O Bg7 5.c3 Nf6 6.Re1 O-O 7.d4 cxd4 8.cxd4 d5
9.e5 Ne4 10.Nc3 Nxc3 11.bxc3 Na5 12.Ba3 Qc7 13.Bb4 Bg4 14.h3 Bxf3 15.Qxf3 a6
16.Bf1 Rfd8 17.a4 Rac8 18.Rab1 Rb8 19.Bc5 b6 20.Bb4 b5 21.axb5 axb5 22.Bxa5 Qxa5
23.Rb4 e6 24.Reb1 Rdc8 25.Bxb5 Rc7 26.Bf1 Rbc8 27.R1b3 Bh6 28.Rb5 Qa1 29.Rb7 Qa8
30.Rxc7 Rxc7 31.c4 Qa1 32.Rb8+ Bf8 33.c5 Qxd4 34.Qf6 Qxc5 35.Qd8 Qe7  1/2-1/2

[Event "VIII Governor's Cup"]
[Site "Khanty-Mansiysk RUS"]
[Date "2012.11.20"]
[Round "6.10"]
[White "Yudin,S"]
[Black "Matsenko,S"]
[Result "1-0"]
[WhiteElo "2546"]
[BlackElo "2465"]

1.e4 c5 2.Nf3 Nc6 3.Bb5 e6 4.Bxc6 bxc6 5.d3 Ne7 6.Qe2 Qc7 7.Nh4 h6 8.b3 e5
9.g3 g5 10.Ng2 d6 11.f4 exf4 12.Bb2 Rg8 13.gxf4 gxf4 14.Nxf4 Ng6 15.Nh5 Be7
16.Rg1 Be6 17.Nf6+ Bxf6 18.Bxf6 Kd7 19.Qf2 d5 20.Nc3 Ne5 21.Rf1 Ng4 22.Qxc5 Nxf6
23.Rxf6 Qe5 24.Rf1 Rg2 25.O-O-O Qxh2 26.Nxd5 cxd5 27.exd5 Rxc2+ 28.Qxc2 Qxc2+
29.Kxc2 Bxd5 30.Rd2 Rh8 31.Rh2 Ke6 32.Rh5 f6 33.Rf2 a5 34.Rfh2 a4 35.bxa4 Ra8
36.R2h4 Bxa2 37.Rxh6 Rc8+ 38.Kb2 Bd5 39.a5 Rb8+ 40.Kc2 Rb5 41.a6 Rc5+ 42.Kd2 Ra5
43.Rf4 Ke5  1-0

[Event "48th American Open"]
[Site "Anaheim USA"]
[Date "2012.11.22"]
[Round "1"]
[White "West,V"]
[Black "Peters,Ja"]
[Result "0-1"]
[WhiteElo "2106"]
[BlackElo "2355"]

1.e4 c5 2.Nf3 Nc6 3.Bb5 d6 4.O-O Bd7 5.c3 Nf6 6.Re1 a6 7.Ba4 b5 8.Bc2 e5
9.h3 Rc8 10.d4 Be7 11.dxc5 dxc5 12.Nbd2 O-O 13.Qe2 c4 14.Nf1 Re8 15.Ne3 Bc5
16.Nd5 h6 17.Nh2 Nxd5 18.exd5 Ne7 19.Qf3 Qb6 20.Be3 Bxe3 21.Rxe3 Qd6 22.Rd1 Rc5
23.Ng4 Bxg4 24.Qxg4 Rxd5 25.Rde1 Rd2 26.Bb1 Rxb2 27.Rg3 g6 28.Rf3 Nd5 29.Qe4 f5
30.Qh4 Kh7 31.Rxf5 Rxb1 32.Rf7+ Kg8 33.Rxb1 Kxf7  0-1

[Event "VIII Governor's Cup B"]
[Site "Khanty-Mansiysk RUS"]
[Date "2012.11.22"]
[Round "8"]
[White "Ivanets,V RUS"]
[Black "Lipatov,Vladislav"]
[Result "1-0"]
[WhiteElo "2203"]
[BlackElo "1802"]

1.Nf3 c5 2.e4 Nc6 3.Bb5 g6 4.O-O Bg7 5.Re1 Nf6 6.d3 O-O 7.c3 d6 8.Nbd2 Bd7
9.Ba4 a6 10.Nf1 b5 11.Bc2 b4 12.Bd2 Qb6 13.Ne3 a5 14.Nd5 Qb7 15.h3 Nxd5 16.exd5 Ne5
17.Nxe5 Bxe5 18.Bh6 Rfe8 19.Rxe5 dxe5 20.Bb3 a4 21.Bc4 Bb5 22.Qe2 f6 23.Bxb5 Qxb5
24.c4 Qd7 25.Be3 Rac8 26.f4 exf4 27.Bxf4 e6 28.Qg4 f5 29.Qf3 exd5 30.cxd5 Rcd8
31.d6 Qg7 32.Rc1 g5 33.Bg3 f4 34.Qd5+ Kh8 35.Bf2 Re5 36.Qc6 Qd7 37.Qxd7 Rxd7
38.d4 Re8 39.dxc5 Rc8 40.Rd1 Rc6 41.Rd5 h6 42.Be1 b3 43.a3 Kg7 44.h4 Kg6
45.hxg5 hxg5 46.Ba5 Kf6 47.Bc3+ Kg6 48.Kf2 g4 49.Bd2 Kf6 50.Bxf4 Ke6 51.Rh5 Rg7
52.g3 Kd7 53.Ke3 Rc8 54.Kd4 Kc6 55.Kc4 Re8 56.Be5 Rb7 57.Bd4 Rf7 58.Rg5 Re4
59.Rg8 Rf5 60.Rc8+ Kd7 61.Rc7+ Kd8 62.Ra7 Re6 63.Rxa4  1-0

[Event "2nd UNAM Open Section I 2012"]
[Site "Mexico City MEX"]
[Date "2012.11.23"]
[Round "4.8"]
[White "Muminova,N"]
[Black "Ibarra Chami,L"]
[Result "1/2-1/2"]
[WhiteElo "2349"]
[BlackElo "2473"]

1.e4 c5 2.Nf3 Nc6 3.Bb5 d6 4.O-O Bd7 5.c3 Nf6 6.Re1 a6 7.Ba4 c4 8.Bc2 Bg4
9.h3 Bh5 10.d4 cxd3 11.Bxd3 e6 12.Bf4 Be7 13.Nbd2 O-O 14.Qb3 Nd7 15.Qc2 Bg6
16.b4 Rc8 17.Qb3 Qc7 18.Rac1 Rfd8 19.a4 Nce5 20.Bf1 Bf6 21.a5 h6 22.Kh1 Kh8
23.c4 Bh7 24.Bg3 Rg8 25.c5 Nxf3 26.Nxf3 e5 27.c6 Nb8 28.cxb7 Qxb7 29.Rxc8 Rxc8
30.Nd2 Bd8 31.Bc4 Nc6 32.Rb1 Bg5 33.f4 exf4 34.h4 fxg3 35.hxg5 Ne5 36.Bd5 Qe7
37.Qxg3 hxg5 38.b5 axb5 39.a6 Qa7 40.Bb7 Rc5 41.Nb3 Rc4 42.Nd2 Rc2 43.Nf1 Rc5
44.Qe3 Qb6 45.Ra1 Qa7 46.Qd4 Nc4 47.Qf2 Bg6 48.Rd1 Qb6 49.Ra1 Qa7 50.Rd1 Qb6
51.Ra1 Qa7  1/2-1/2

[Event "48th American Open"]
[Site "Anaheim USA"]
[Date "2012.11.24"]
[Round "5"]
[White "Peters,Ja"]
[Black "Ortiz,E PHI"]
[Result "1/2-1/2"]
[WhiteElo "2355"]
[BlackElo "2272"]

1.e4 c5 2.Nf3 Nc6 3.Bb5 e6 4.O-O Nge7 5.Re1 a6 6.Bf1 d5 7.d3 dxe4 8.dxe4 Qxd1
9.Rxd1 b6 10.Nbd2 Na5 11.Ne5 Bb7 12.Ndc4 Nxc4 13.Nxc4 Nc8 14.f3 Ra7 15.a4 Be7
16.Bf4 Ba8 17.a5 b5 18.Nb6 O-O 19.Bb8 Rb7 20.Nxa8 Rxb8 21.Nc7 Rb7 22.Nxa6 Na7
23.c3 Nc6 24.b4  1/2-1/2

[Event "TCh-NED Meesterklasse 2012-13"]
[Site "Netherland NED"]
[Date "2012.11.24"]
[Round "4.3"]
[White "Smeets,J"]
[Black "Haast,M"]
[Result "1-0"]
[WhiteElo "2609"]
[BlackElo "2278"]

1.e4 c5 2.Nf3 Nc6 3.Bb5 g6 4.Bxc6 dxc6 5.h3 Bg7 6.d3 Nf6 7.Nc3 Nd7 8.Be3 e5
9.Qd2 h6 10.O-O Qe7 11.Nh2 Nf8 12.f4 exf4 13.Bxf4 Ne6 14.Bg3 Qg5 15.Qe1 Nd4
16.Qf2 Be6 17.Bh4 Qh5 18.Ng4 g5 19.Nf6+ Bxf6 20.Qxf6 Rg8 21.Bg3 g4 22.h4 Rd8
23.Rf2 Rg6 24.Qf4 Kf8 25.Raf1 Kg7 26.Qc7 Rd7 27.Be5+ f6 28.Rxf6 Rxc7 29.Rf7+  1-0

[Event "TCh-NED Meesterklasse 2012-13"]
[Site "Netherland NED"]
[Date "2012.11.24"]
[Round "4.5"]
[White "Nijboer,F"]
[Black "Konings,F"]
[Result "1-0"]
[WhiteElo "2535"]
[BlackElo "2283"]

1.e4 c5 2.Nf3 Nc6 3.Bb5 Nf6 4.Bxc6 dxc6 5.d3 Bg4 6.Nbd2 e6 7.h3 Bh5 8.b3 Qa5
9.g4 Bg6 10.Bb2 O-O-O 11.Qe2 c4 12.bxc4 Bb4 13.a3 Bc3 14.O-O-O Nd7 15.Nb3 Bxb2+
16.Kxb2 Qc7 17.a4 h5 18.Qe3 Kb8 19.Nfd2 hxg4 20.hxg4 Nf6 21.f3 Qg3 22.Rhg1 Qe5+
23.d4 Qc7 24.f4 Nd7 25.c5 b6 26.Nc4 bxc5 27.dxc5 Ka8 28.Rd6 Rb8 29.f5 Bh7
30.Qd4 Rb7 31.Rd1 e5 32.Qe3 Nb8 33.Qc3 Qe7 34.Qa5 Rc7 35.g5 Kb7 36.f6 gxf6
37.gxf6 Qf8  1-0

[Event "Plzen Open 2012"]
[Site "Plzen CZE"]
[Date "2012.11.24"]
[Round "7"]
[White "Chudinovskikh,A"]
[Black "Vykouk,Jan"]
[Result "1/2-1/2"]
[WhiteElo "2267"]
[BlackElo "1962"]

1.e4 c5 2.Nf3 Nc6 3.Bb5 g6 4.O-O Bg7 5.c3 e5 6.b4 cxb4 7.cxb4 Nge7 8.Bc4 O-O
9.Qb3 d5 10.exd5 e4 11.dxc6 exf3 12.Qxf3 Nxc6 13.Nc3 Bf5 14.Qd5 Qxd5 15.Bxd5 Nxb4
16.Bxb7 Rab8 17.Bf3 Nc2 18.Rb1 Rxb1 19.Nxb1 Nd4 20.Nc3 Nxf3+ 21.gxf3 Rd8
22.Re1 Bxc3 23.dxc3 Rd3 24.Re8+ Kg7 25.Kg2 Bd7 26.Rb8 Kf6 27.Be3 Ke6 28.Rb3 Bc6
29.Ra3 f5 30.Kg3 g5 31.f4 h6 32.Rxa7 Rxc3 33.h3 Kf6 34.Ra6 gxf4+ 35.Kxf4 Rc4+
36.Kg3 h5 37.f4 Rc3 38.Kh4 Ke7 39.Bd4 Rc4 40.Be5 Be8 41.Kg5 Bd7 42.Kxh5 Rc2
43.Bf6+ Kf7 44.Bg5 Rc3 45.h4 Be8 46.Kh6 Kg8 47.Re6 Bf7 48.Ra6 Be8 49.Bf6 Rg3
50.Be5 Rg4 51.Rd6 Rxh4+ 52.Kg5 Rh5+ 53.Kf6 Rh6+ 54.Kxf5 Rxd6 55.Bxd6 Kf7
56.Ke4 Bc6+ 57.Kd4 Ke6 58.Kc5 Be8 59.Be5 Ba4 60.Kb4 Bc2 61.a4 Kd7 62.a5 Kc6
63.Bd4 Kb7 64.Kc5 Bh7 65.Kd5  1/2-1/2

[Event "3rd Thanksgiving Open"]
[Site "Saint Louis USA"]
[Date "2012.11.24"]
[Round "3.8"]
[White "Aripov,I"]
[Black "Priyadharshan,K"]
[Result "0-1"]
[WhiteElo "2162"]
[BlackElo "2408"]

1.e4 c5 2.Nf3 Nc6 3.Bb5 d6 4.Bxc6+ bxc6 5.O-O e5 6.c3 Nf6 7.Re1 Bg4 8.b3 Be7
9.h3 Bh5 10.d3 O-O 11.Nbd2 Re8 12.Nf1 Bf8 13.Ng3 Bg6 14.Nh4 a5 15.Bg5 h6
16.Bxf6 Qxf6 17.Nxg6 fxg6 18.Qd2 a4 19.b4 cxb4 20.cxb4 a3 21.Rab1 Reb8 22.Rec1 d5
23.Rb3 Ra4 24.Rcb1 Qd6 25.b5 dxe4 26.bxc6 Rd8 27.Rc1 Rd4 28.Nxe4 Rxe4 29.c7 Rc8
30.Rb8 Rxc7 31.Rxc7 Qxc7 32.Rxf8+ Kxf8 33.dxe4 Ke7 34.Qb4+ Qd6 35.Qxd6+ Kxd6
36.Kf1 Kc5 37.Ke2 Kd4 38.Kd2 g5 39.Kc2 Kxe4 40.Kb3 Kd3 41.Kxa3 e4 42.Kb2 Ke2
43.a4 Kxf2 44.a5 e3 45.a6 e2 46.a7 e1=Q 47.a8=Q Kg1 48.Qb7 Qf2+ 49.Kb3 Qxg2
50.Qxg7 Qxh3+ 51.Ka4 Qg4+ 52.Ka5 h5 53.Qa1+ Kh2 54.Qb2+ Kh3 55.Qc3+ Qg3 56.Qc6 h4
57.Qh1+ Kg4 58.Qe4+ Qf4 59.Qg2+ Kh5 60.Qe2+ g4 61.Qe8+ Kg5 62.Qg8+ Kf5 63.Qh7+ Ke5
64.Qxh4 g3 65.Qe7+ Kf5 66.Qd7+ Kg5 67.Qd8+ Kg4 68.Qd1+ Kh4 69.Qh1+ Kg5 70.Qg2 Qf2
71.Qe4 Qf5+  0-1

[Event "TCh-SVK Extraliga 2012-13"]
[Site "Slovakia SVK"]
[Date "2012.11.25"]
[Round "4.2"]
[White "Varga,Zo"]
[Black "Druska,J"]
[Result "1-0"]
[WhiteElo "2455"]
[BlackElo "2310"]

1.e4 c5 2.Nf3 Nc6 3.Bb5 g6 4.Bxc6 dxc6 5.h3 Bg7 6.d3 Nf6 7.Nc3 Nd7 8.Be3 e5
9.Qd2 h6 10.a3 f5 11.Qe2 f4 12.Bd2 a5 13.Nb1 a4 14.Bc3 g5 15.Nbd2 Qe7 16.b4 cxb4
17.axb4 c5 18.b5 Nb6 19.Bb2 h5 20.g3 fxg3 21.fxg3 g4 22.Nh4 Qd6 23.O-O gxh3
24.Nf5 Bxf5 25.exf5 O-O-O 26.Ne4 Qd7 27.Nxc5 Qxb5 28.Ne6 Qxb2 29.Rab1 Qc3
30.Rxb6 e4 31.Kh1 Bd4 32.Rbb1 Rd7 33.Qxe4 Rg8 34.Nf4 h4 35.g4 Qd2 36.c3 Bc5
37.Qc4 Rxg4 38.Qxc5+ Kb8 39.Rf2  1-0

[Event "TCh-SVK Extraliga 2012-13"]
[Site "Slovakia SVK"]
[Date "2012.11.25"]
[Round "4.6"]
[White "Rasik,V"]
[Black "Zambor,N"]
[Result "1/2-1/2"]
[WhiteElo "2516"]
[BlackElo "2332"]

1.e4 c5 2.Nf3 Nc6 3.Bb5 e6 4.O-O Nge7 5.c3 a6 6.Ba4 b5 7.Bc2 Bb7 8.Qe2 Ng6
9.d4 cxd4 10.cxd4 Be7 11.Nc3 O-O 12.Be3 Rc8 13.Rad1 Na5 14.Bc1 Nc4 15.Nb1 Qc7
16.Ne1 f5 17.e5  1/2-1/2

[Event "Doroshkevicha Mem Open 2012"]
[Site "Sochi RUS"]
[Date "2012.11.26"]
[Round "1"]
[White "Panarin,M"]
[Black "Esipenko,Andrey"]
[Result "1/2-1/2"]
[WhiteElo "2563"]
[BlackElo "2120"]

1.e4 c5 2.Nf3 Nc6 3.Bb5 g6 4.O-O Bg7 5.Re1 Nf6 6.Bxc6 dxc6 7.d3 O-O 8.h3 Nd7
9.e5 Nb6 10.Nbd2 Nd5 11.Nc4 b6 12.Bd2 h6 13.Qc1 Kh7 14.Re4 Rh8 15.Rh4 Qf8
16.a3 a5 17.Ne3 Nxe3 18.Bxe3 Kg8 19.b4 g5 20.Rc4 Be6 21.Rc3 axb4 22.axb4 cxb4
23.Rxc6 Bd5 24.Rxb6 Bxf3 25.gxf3 Bxe5 26.Rxa8 Qxa8 27.Kg2 Qa5 28.Qb1 Bc3
29.Rb7 e6 30.Qb3 Qa6 31.Rc7 Kg7 32.Rc4 Ra8 33.Bd4+ Bxd4 34.Rxd4 Qa1 35.Rxb4 Kg6
36.Rb8 Ra4 37.Qb2 Qd1 38.Qb1 Qe2 39.Rb3 Kh5 40.Rb4 Rxb4 41.Qxb4 Qxc2 42.Qe4 Qc1
43.d4 Qf4 44.Qh7 Qf6 45.Qe4 Qf4 46.Qh7 Qf6  1/2-1/2

[Event "ch-Commonwealth 2012"]
[Site "Chennai IND"]
[Date "2012.11.27"]
[Round "7"]
[White "Akshayraj,K"]
[Black "Aravindh,Chithambaram VR."]
[Result "1-0"]
[WhiteElo "2459"]
[BlackElo "2311"]

1.e4 c5 2.Nf3 Nc6 3.Bb5 g6 4.Bxc6 dxc6 5.d3 Bg7 6.h3 e5 7.Be3 b6 8.Nbd2 f6
9.a4 a5 10.O-O Nh6 11.Nc4 Nf7 12.Nfd2 O-O 13.b4 axb4 14.a5 bxa5 15.Bxc5 Re8
16.Bxb4 a4 17.Ra3 f5 18.Qe2 c5 19.Bxc5 Ra6 20.Rb1 Qc7 21.Bb4 f4 22.Rc3 Qd8
23.Bc5 g5 24.Rb6 Rxb6 25.Nxb6 Be6 26.Ndc4 Qc7 27.Nxa4 Qc6 28.Ncb6 Qb5 29.Ra3 Qb1+
30.Kh2 h5 31.Nc3 Qb2 32.Qxh5 Qxc2 33.Qg6 Kh8 34.Nbd5 Bxd5 35.exd5 Kg8 36.Ra7  1-0

[Event "CCSCSL GM Inv"]
[Site "Saint Louis USA"]
[Date "2012.11.27"]
[Round "4.2"]
[White "Neimer,V"]
[Black "Diamant,A"]
[Result "1/2-1/2"]
[WhiteElo "2411"]
[BlackElo "2481"]

1.e4 c5 2.Nf3 Nc6 3.Bb5 e6 4.O-O Nge7 5.c3 a6 6.Ba4 b5 7.Bc2 d5 8.d4 cxd4
9.a4 Bb7 10.axb5 axb5 11.Rxa8 Bxa8 12.Nxd4 Nxd4 13.Qxd4 dxe4 14.Qe5 Bd5 15.Bxe4 Nc6
16.Qf4 Bd6 17.Bxd5 exd5 18.Re1+ Ne7 19.Qf3 O-O 20.Bf4 Ng6  1/2-1/2

[Event "Doroshkevicha Mem Open 2012"]
[Site "Sochi RUS"]
[Date "2012.11.27"]
[Round "2"]
[White "Korolkov,Yury"]
[Black "Zhukov,Vi1"]
[Result "0-1"]
[WhiteElo "1799"]
[BlackElo "2059"]

1.e4 c5 2.Nf3 Nc6 3.Bb5 g6 4.c3 Bg7 5.Bxc6 dxc6 6.d3 Nf6 7.O-O O-O 8.Be3 b6
9.Qc2 Qc7 10.h3 e5 11.Nbd2 Ba6 12.c4 Rad8 13.Rfd1 Nh5 14.Nf1 Bc8 15.Bg5 Rde8
16.a4 f5 17.exf5 Bxf5 18.Nh4 Bc8 19.Nd2 Nf4 20.Ne4 Ne6 21.Qd2 Nd4 22.Ra3 Nf5
23.g4 Nd4 24.Kg2 Rf7 25.Be3 Ne6 26.a5 Nf4+ 27.Kg3 Ref8 28.Ng5 Re7 29.axb6 axb6
30.Rda1 Qd8 31.Ne4 Rd7 32.Rd1 Rdf7 33.Ng2 h5 34.Rf1 hxg4 35.hxg4 Bxg4 36.Bxf4 exf4+
37.Kxg4 Qd7+ 38.Kh4 Rf5 39.Kg4 Rg5+ 40.Kxg5 Qf5+  0-1

[Event "XXVI Belgrade Trophy 2012"]
[Site "Belgrade SRB"]
[Date "2012.11.28"]
[Round "5.39"]
[White "Stamatovic,A"]
[Black "Turan,M"]
[Result "1-0"]
[WhiteElo "2181"]
[BlackElo "1955"]

1.e4 c5 2.Nf3 Nc6 3.Bb5 d6 4.O-O Qc7 5.c3 Bd7 6.d4 cxd4 7.cxd4 e6 8.Nc3 Nf6
9.d5 Nd8 10.Bg5 a6 11.Bxd7+ Qxd7 12.Bxf6 gxf6 13.Nd4 h5 14.Na4 Qe7 15.Nb6 Rb8
16.Qa4+  1-0

[Event "XXVI Belgrade Trophy 2012"]
[Site "Belgrade SRB"]
[Date "2012.11.29"]
[Round "6.13"]
[White "Lukovic,V"]
[Black "Misojcic,M"]
[Result "1-0"]
[WhiteElo "2352"]
[BlackElo "2262"]

1.e4 c5 2.Nf3 Nc6 3.Bb5 e6 4.Bxc6 bxc6 5.d3 Ne7 6.Qe2 d5 7.c4 Ng6 8.O-O Bd6
9.Nc3 O-O 10.e5 Be7 11.Na4 Qa5 12.b3 f6 13.exf6 Bxf6 14.Bd2 Qd8 15.Rac1 Qd6
16.h3 Bd4 17.Be3 e5 18.cxd5 cxd5 19.Nxc5 Bxe3 20.fxe3 Bf5 21.b4 a5 22.bxa5 d4
23.exd4 exd4 24.Ng5 Qd5 25.Qd2 Rac8 26.Nge4 Ne5 27.a6 Bxe4 28.Rxf8+ Rxf8
29.Nxe4 Qb5 30.a7 Qb7 31.Qa5 Nxd3 32.Nd6 Qa8 33.Rc8 Rxc8 34.Nxc8 Nf4 35.Qd8+  1-0

[Event "XXVI Belgrade Trophy 2012"]
[Site "Belgrade SRB"]
[Date "2012.11.30"]
[Round "7.38"]
[White "Stamatovic,A"]
[Black "Markovic,Zi"]
[Result "1/2-1/2"]
[WhiteElo "2181"]
[BlackElo "1927"]

1.e4 c5 2.Nf3 Nc6 3.Bb5 e6 4.O-O g6 5.c3 Bg7 6.d4 cxd4 7.cxd4 a6 8.Bxc6 bxc6
9.d5 cxd5 10.exd5 d6 11.dxe6 fxe6 12.Re1 e5 13.Bg5 Bf6 14.Qd5 Bg4 15.Qc6+ Kf8
16.Nbd2 Rc8 17.Bxf6 Nxf6 18.Qxa6 Kg7 19.h3 Bf5 20.g4 Be6 21.Nxe5 dxe5 22.Qxe6 Re8
23.Qa6 Qxd2 24.Rad1 Qf4 25.Qb7+ Kh6 26.Qg2 Rc2 27.Rd3 Qg5 28.Rg3 Rc1 29.Rxc1 Qxc1+
30.Kh2 g5 31.Rf3 Kg6 32.Rf5 e4 33.Qg3 Qxb2 34.h4 gxh4 35.Qf4 h6 36.g5 Qxf2+
37.Qxf2 Ng4+ 38.Kg2 Nxf2 39.Rf6+ Kxg5 40.Rxf2 Kg4 41.Rf6 Ra8 42.Rg6+ Kf5
43.Rxh6 Rxa2+ 44.Kf1 Kg4 45.Rg6+ Kf3 46.Rf6+ Ke3 47.Rh6 Ra1+ 48.Kg2 Ke2 49.Rxh4 e3
50.Rb4 Rd1 51.Rb3 Rd2 52.Ra3 Ke1+ 53.Kf3 e2 54.Ke3 Kf1 55.Kxd2 e1=Q+ 56.Kc2 Ke2
57.Rc3 Qd1+ 58.Kb2 Kd2 59.Rb3 Qc1+ 60.Ka2 Qc4 61.Ka3 Kc2 62.Rb2+ Kc3 63.Rc2+  1/2-1/2

[Event "CCSCSL GM Inv"]
[Site "Saint Louis USA"]
[Date "2012.11.30"]
[Round "8.5"]
[White "Priyadharshan,K"]
[Black "Boros,De"]
[Result "1-0"]
[WhiteElo "2408"]
[BlackElo "2494"]

1.e4 c5 2.Nf3 Nc6 3.Bb5 g6 4.Bxc6 dxc6 5.d3 Bg7 6.h3 Nf6 7.Nc3 Nd7 8.Be3 e5
9.Qd2 h6 10.O-O Qe7 11.Nh2 Nf8 12.a4 a5 13.f4 exf4 14.Rxf4 Be6 15.Kh1 Nd7
16.Rf2 Ne5 17.Nf3 Nxf3 18.Rxf3 g5 19.Qf2 b6 20.d4 cxd4 21.Bxd4 Bxd4 22.Qxd4 O-O
23.Qxb6 Rab8 24.Qd4 Rb4 25.Qe5 f6 26.Qxa5 Rxb2 27.Rf2 Kg7 28.Raf1 Bc4 29.Rd1 Rf7
30.Qd8 Qe5 31.Qd4 Be6 32.Kg1 Rd7 33.Qxe5 fxe5 34.Rxd7+ Bxd7 35.Kf1 Bc8 36.Ke1 Rb4
37.Rf3 Ba6 38.Rf5 Rc4 39.Kd2 Rc5 40.Rf3 Rc4 41.Rf2 Rd4+ 42.Kc1 Rb4 43.Rf5 Rc4
44.Kb2 Rc5 45.Kb3 Kg8 46.Rf3 Rc4 47.Rf6 Kg7 48.Rd6 Rd4 49.Rxc6 Bf1 50.g3 Bxh3
51.a5 Bf1 52.a6 Rd7 53.Nd5 Bg2 54.Nf6 Rf7 55.Ne8+ Kg8 56.Nd6 Rd7 57.Rb6 Kf8
58.c4 h5 59.Rb8+ Ke7 60.a7 Bxe4 61.Nxe4 Rxa7 62.Nxg5 Kf6 63.Ne4+ Kf5 64.Nd2 Rg7
65.Rf8+ Kg4 66.Nf1 Rb7+ 67.Kc2 Rb4 68.Rg8+ Kf5 69.Nd2 Ra4 70.c5 e4 71.Kb3 Rd4
72.c6 Rd3+ 73.Kb4 Rxd2 74.c7 Rc2 75.c8=Q+ Rxc8 76.Rxc8 Kg4 77.Rc3  1-0

[Event "Doroshkevicha Mem Open 2012"]
[Site "Sochi RUS"]
[Date "2012.11.30"]
[Round "5"]
[White "Zakharov,AI"]
[Black "Tregubov,P"]
[Result "0-1"]
[WhiteElo "2377"]
[BlackElo "2601"]

1.e4 c5 2.Nf3 Nc6 3.Bb5 Nf6 4.Nc3 g6 5.h3 Bg7 6.e5 Ng8 7.Bxc6 dxc6 8.O-O Nh6
9.d3 Nf5 10.Bf4 O-O 11.Ne4 b6 12.a4 Nd4 13.Nfd2 Qc7 14.a5 Rb8 15.axb6 axb6
16.Nc4 Be6 17.c3 Nf5 18.Re1 Bxc4 19.dxc4 Bxe5 20.Bxe5 Qxe5 21.Ng3 Qf6 22.Nxf5 gxf5
23.Ra7 e5 24.Qf3 Kh8 25.Rc7 Rfc8 26.Rd7 Rd8 27.Red1 Rxd7 28.Rxd7 Rg8 29.Kh2 Rg6
30.Rb7 Kg7 31.Rxb6 f4 32.Rb7 Qf5 33.Qd1 e4 34.Re7 Qg5  0-1

[Event "TCh-AUT 2 East 2012-13"]
[Site "Austria AUT"]
[Date "2012.12.01"]
[Round "5.1"]
[White "Pinter,E"]
[Black "Baumegger,S"]
[Result "1/2-1/2"]
[WhiteElo "2379"]
[BlackElo "2462"]

1.e4 c5 2.Nf3 Nc6 3.Bb5 g6 4.O-O Bg7 5.c3 Nf6 6.Re1 O-O 7.d4 d5 8.exd5 Qxd5
9.c4 Qd6 10.Bxc6 bxc6 11.Nc3 cxd4 12.Qxd4 Ng4 13.Qxd6 exd6 14.Bf4 Rd8 15.h3 Nf6
16.Rad1 Ba6 17.b3 d5 18.cxd5 Nxd5 19.Nxd5 cxd5 20.Be5 f6 21.Bd4 Bb5 22.Rc1 a5
23.Re6 Bd7 24.Rb6 Rdc8 25.Rxc8+ Rxc8 26.Bxf6 Rc1+ 27.Kh2 Bxf6 28.Rxf6 Rc2
29.Rd6 Bf5 30.a4 Be4 31.Kg3 Rc3 32.Rb6 Bc2 33.b4 axb4 34.Rxb4 Ra3 35.Kf4 Rxa4
36.Rxa4 Bxa4 37.Ke5 Kg7 38.Nd4 g5 39.Nf5+ Kg6 40.Ne7+ Kf7 41.Nxd5 Bc6 42.g3 Bb7
43.Ne3 Bc8 44.Nf5 Bd7 45.h4 Bxf5 46.Kxf5 gxh4 47.gxh4 Ke7 48.Ke5 Kf7 49.f4 Ke7
50.f5 Kf7 51.f6 Kf8 52.Ke6 Ke8 53.Kf5 Kf7 54.Ke5 Kf8 55.h5 Ke8 56.Kf5 Kf7
57.Ke5 Ke8 58.Kf4 Kf7 59.Kf5 Ke8 60.Ke6 Kf8 61.f7 h6 62.Kf6  1/2-1/2

[Event "35th ch-GRE w 2012"]
[Site "Athens GRE"]
[Date "2012.12.02"]
[Round "9"]
[White "Makka,E"]
[Black "Pavlidou,E"]
[Result "1-0"]
[WhiteElo "2047"]
[BlackElo "2185"]

1.e4 c5 2.Nf3 Nc6 3.Bb5 g6 4.Bxc6 dxc6 5.d3 Bg7 6.Nc3 e5 7.h3 Qe7 8.Be3 Nf6
9.Qd2 O-O 10.Bh6 Re8 11.O-O b6 12.Nh2 Bh8 13.f4 exf4 14.Rxf4 Nh5 15.Rf3 Bd4+
16.Kh1 Qc7 17.g4 Ng7 18.Nf1 Be6 19.Ng3 Rad8 20.Raf1 Be5 21.Nce2 c4 22.d4 c5
23.d5 f6 24.Qc1 Bf7 25.Rg1 g5 26.h4 Qd7 27.Nf5 Nxf5 28.gxf5 Bh5 29.Rf2 Kh8
30.hxg5 Rg8 31.Nf4 Qe8 32.Ne6 Bg4 33.g6 Rxg6 34.Nxd8 Rg5 35.Rgg2 Qh5+ 36.Kg1 Rg8
37.Bf4 Bd4 38.Be3 Be5 39.Nc6 Bf3 40.Nxe5 fxe5 41.Bg5 h6 42.Rxf3 Qxf3 43.Bf6+ Kh7
44.Rxg8 Kxg8 45.Qf1 Qe3+ 46.Qf2 Qc1+ 47.Kh2  1-0

[Event "Doroshkevicha Mem Open 2012"]
[Site "Sochi RUS"]
[Date "2012.12.03"]
[Round "8"]
[White "Ostrovsky,A"]
[Black "Kudelya,I"]
[Result "0-1"]
[WhiteElo "2343"]
[BlackElo "2118"]

1.e4 c5 2.Nf3 Nc6 3.Bb5 g6 4.Bxc6 bxc6 5.O-O Bg7 6.Re1 Nh6 7.c3 f6 8.d4 cxd4
9.cxd4 O-O 10.Nc3 d6 11.h3 Nf7 12.Be3 Bd7 13.Qd2 Re8 14.Rad1 Qa5 15.b3 Rab8
16.Ne2 Qb5 17.e5 Rbd8 18.Nc3 Qa5 19.exf6 exf6 20.Bf4 Qh5 21.Rxe8+ Rxe8 22.Re1 Rxe1+
23.Qxe1 Bf8 24.Qe3 Kg7 25.Nd2 g5 26.Bh2 Qg6 27.f4 h6 28.Bg3 Qc2 29.Nf3 Bf5
30.Qd2 Qxd2 31.Nxd2 d5 32.fxg5 hxg5 33.Nd1 Bb4 34.Ne3 Bd3 35.Be1 Nd6 36.Kf2 Kg6
37.Nf3 Ne4+ 38.Kg1 Bd6 39.b4 Bf4 40.Nd1 Bb1 41.a3 Bc1 42.Nc3 Nxc3 43.Bxc3 Bxa3
44.Kf2 Bc1 45.Bd2 Bb2 46.Ke3 Be4 47.Ne1 f5 48.g3 f4+ 49.gxf4 gxf4+ 50.Kxf4 Bxd4
51.Nf3 Bxf3 52.Kxf3 Kf5 53.h4 Bf6 54.h5 Bg5 55.Bc3 Bh6 56.Be1 Kg5 57.Ke3 Bg7
58.Bf2 a6 59.h6 Kxh6 60.Kf4 Kg6 61.Be1 Kf6 62.Ke3 Ke6 63.Kd3 Kf5 64.Bd2 Bf6
65.Be1 Bd8 66.Bf2 a5 67.bxa5 Bxa5 68.Bc5 Ke5 69.Ke3 Bc7 70.Kd3 Bd6 71.Bd4+ Ke6
72.Bg1 c5  0-1

[Event "Lleida IM Closed 2012"]
[Site "Lleida ESP"]
[Date "2012.12.07"]
[Round "3.4"]
[White "Trepat Herranz,J"]
[Black "Gonzalez Perez,A"]
[Result "0-1"]
[WhiteElo "2281"]
[BlackElo "2491"]

1.e4 c5 2.Nf3 Nc6 3.Bb5 e6 4.O-O Nge7 5.c3 a6 6.Ba4 b5 7.Bc2 Bb7 8.Re1 Rc8
9.d3 Ng6 10.Nbd2 Be7 11.Nf1 Qc7 12.Be3 O-O 13.Rc1 b4 14.cxb4 Nxb4 15.Bb1 d5
16.a3 Nxd3 17.Bxd3 dxe4 18.Bxe4 Bxe4 19.Ng5 Bd5 20.Ng3 Qb7 21.Qh5 h6  0-1

[Event "ch-IRI 2012"]
[Site "Zahedan IRI"]
[Date "2012.12.08"]
[Round "3.4"]
[White "Darini,P"]
[Black "Javanbakht,N"]
[Result "1-0"]
[WhiteElo "2522"]
[BlackElo "2406"]

1.e4 c5 2.Nf3 Nc6 3.Bb5 Nf6 4.Nc3 g6 5.h3 Bg7 6.e5 Ng8 7.O-O Nxe5 8.Nxe5 Bxe5
9.Re1 Bg7 10.d4 a6 11.Bc4 Bxd4 12.Bg5 d6 13.Nd5 f6 14.Rxe7+ Nxe7 15.Qxd4 Ng8
16.Qc3 fxg5 17.Qxh8 Kf8 18.Re1  1-0

[Event "TCh-CZE Div1 Vychod 2012-13"]
[Site "Czech Republic CZE"]
[Date "2012.12.09"]
[Round "4.5"]
[White "Shanel,J"]
[Black "Stukner,S"]
[Result "1/2-1/2"]
[WhiteElo "2178"]
[BlackElo "2158"]

1.e4 c5 2.Nf3 Nc6 3.Bb5 g6 4.Nc3 Bg7 5.O-O Nf6 6.d3 O-O 7.Be3 d6 8.Bxc6 bxc6
9.Qe2 Rb8 10.Rab1 Qa5 11.e5 Nd5 12.Bd2 Qc7 13.Ne4 Bf5 14.a3 Rfe8 15.Rfe1 Bg4
16.c4 Nb6 17.h3 Bxf3 18.Qxf3 Bxe5 19.Ng5 Rf8 20.Qg4 Bf6 21.Qh4 Bxg5 22.Qxg5 f6
23.Qg4 e5 24.f4 Qd7 25.Qg3 Rf7 26.b4 Rd8 27.Be3 cxb4 28.axb4 Qf5 29.Rb3 Re7
30.Rf1 e4 31.Bxb6 axb6 32.Qe3 b5 33.Qb6 Rc8 34.Qd4 exd3 35.Rxd3 bxc4 36.Qxc4+ d5
37.Qa6 Rcc7 38.Rc3 Qc8 39.Qxc8+ Rxc8 40.Rfc1 Rb7 41.Rxc6 Rxc6 42.Rxc6 Kf7
43.Rd6 Rb5 44.f5 gxf5  1/2-1/2

[Event "4th London Classic Open"]
[Site "London ENG"]
[Date "2012.12.09"]
[Round "9"]
[White "Rendle,T"]
[Black "Rudd,J"]
[Result "1/2-1/2"]
[WhiteElo "2381"]
[BlackElo "2288"]

1.e4 c5 2.Nf3 Nc6 3.Bb5 g6 4.Bxc6 dxc6 5.d3 Bg7 6.O-O Nf6 7.h3 Nd7 8.Nc3 e5
9.Be3 Qe7 10.Qd2 O-O 11.Bh6 Rd8 12.Bxg7 Kxg7 13.Ne2 Nf8 14.b3 f6 15.Nh2 Ne6
16.f4 Nd4 17.Nxd4 cxd4 18.f5 g5 19.h4 h6 20.hxg5 hxg5 21.Nf3 Kf8 22.Kf2 Bd7
23.Rh1 Kg7 24.Rh3 b6 25.Rah1  1/2-1/2